000 01150nam0a22003131 4500
001 rc\3788341
005 20120311163435.3
021 _aRU
_b[75-43381]
035 _a(NLR Aleph) 007250968
090 _a5204830
_c5204830
100 _a20120311d1975 |||y0rusy50 ca
101 0 _arus
102 _aRU
105 _aa z |||||
200 1 _aСовершенствование системы управления строительством
210 _aПетрозаводск
_cКарелия
_d1975
215 _a79 с.
_cсхем.
_d20
300 _aВ вып. дан. авт.: В.П. Матлах, А.М. Сотин, В.А. Зелянин, А.А. Шужмов
320 _aСписок лит.: с. 78 (8 назв.)
606 _aСтроительные организации
_xУправление
_xАвтоматизация
_2psbo
701 1 _aСотин
_bА. М.
701 1 _aЗелянин
_bВ. А.
701 1 _aШужмов
_bА. А.
701 1 _aМатлах
_bВ. П.
_gВалентин Петрович
801 0 _aRU
_bNLR
_gpsbo
801 1 _aRU
_bELAR
_2rusmarc
852 _aNLR
_j75-4/9134
942 _cBOOK
980 _aNB